La música en las instituciones femeninas novohispanas (Record no. 3742)

MARC details
000 -CABECERA
campo de control de longitud fija 01072nam a2200277 a 4500
001 - NÚMERO DE CONTROL
campo de control BRCA_4017
005 - FECHA Y HORA DE LA ÚLTIMA TRANSACCIÓN
campo de control 20190320204520.0
008 - DATOS DE LONGITUD FIJA--INFORMACIÓN GENERAL
campo de control de longitud fija 220110s2009----mx-a######---#000-0#spa-#
020 ## - NÚMERO INTERNACIONAL ESTÁNDAR DEL LIBRO
Número Internacional Estándar del Libro 9786072003460
041 ## - CÓDIGO DE LENGUA
Código de lengua del texto/banda sonora o título independiente spa
044 ## - CÓDIGO DEL PAÍS DE LA ENTIDAD EDITORA/PRODUCTORA
Código MARC del país mx
050 #4 - SIGNATURA TOPOGRÁFICA DE LA BIBLIOTECA DEL CONGRESO
Número de clasificación ML82
Número de documento/Ítem .M87 2009
100 1# - ENTRADA PRINCIPAL--NOMBRE DE PERSONA
Nombre de persona Muriel, Josefina
Fechas asociadas al nombre 1918-2008
9 (RLIN) 501
245 10 - MENCIÓN DE TÍTULO
Título La música en las instituciones femeninas novohispanas
Mención de responsabilidad, etc. Josefina Muriel, Luis Lledías.
260 ## - PUBLICACIÓN, DISTRIBUCIÓN, ETC.
Lugar de publicación, distribución, etc. México
Nombre del editor, distribuidor, etc. UNAM, Instituto de Investigaciones Históricas : Universidad del Claustro de Sor Juana
Fecha de publicación, distribución, etc. 2009
300 ## - DESCRIPCIÓN FÍSICA
Extensión 586 p.
Otras características físicas il.
Dimensiones 33 cm.
Material acompañante/anejo 1 CD
500 ## - NOTA GENERAL
Nota general Incluye índice de partituras, índice del CD incluido e índice onomástico
500 ## - NOTA GENERAL
Nota general El CD se separo del libro y se ubico con los videos
504 ## - NOTA DE BIBLIOGRAFÍA, ETC.
Nota de bibliografía, etc. Bibliografía : p. 569-573
650 14 - PUNTO DE ACCESO ADICIONAL DE MATERIA--TÉRMINO DE MATERIA
Término de materia o nombre geográfico como elemento de entrada Feminismo y música
Subdivisión general Historia
Subdivisión geográfica México
9 (RLIN) 10441
650 14 - PUNTO DE ACCESO ADICIONAL DE MATERIA--TÉRMINO DE MATERIA
Término de materia o nombre geográfico como elemento de entrada Mujeres
Subdivisión general Educación
Subdivisión geográfica México
9 (RLIN) 10442
650 14 - PUNTO DE ACCESO ADICIONAL DE MATERIA--TÉRMINO DE MATERIA
Término de materia o nombre geográfico como elemento de entrada Mujeres como músicos
Subdivisión general Historia
Subdivisión geográfica México
9 (RLIN) 10443
650 14 - PUNTO DE ACCESO ADICIONAL DE MATERIA--TÉRMINO DE MATERIA
Término de materia o nombre geográfico como elemento de entrada Música
Subdivisión general Historia
Subdivisión geográfica México
9 (RLIN) 10444
700 1# - PUNTO DE ACCESO ADICIONAL--NOMBRE DE PERSONA
Nombre de persona Lledías, Luis
Término indicativo de función/relación coaut.
9 (RLIN) 10445
942 ## - ELEMENTOS DE PUNTO DE ACCESO ADICIONAL (KOHA)
Fuente del sistema de clasificación o colocación Library of Congress Classification
Tipo de ítem Koha Libros
Holdings
Estado de retiro Estado de pérdida Estado dañado No para préstamo Localización permanente Ubicación/localización actual Fecha de adquisición Total de préstamos Signatura topográfica completa Código de barras Fecha visto por última vez Precio válido a partir de Tipo de ítem Koha
El ejemplar forma parte de la colección y puede ser consultado según las políticas vigentes.       Biblioteca del Museo Franz Mayer (Rogerio Casas-Alatriste) Biblioteca del Museo Franz Mayer (Rogerio Casas-Alatriste) 19/01/2010   ML82 .M87 2009 01809 22/03/2019 22/03/2019 Libros